| Tag |
First Indicator |
Second Indicator |
Subfields |
| LEADER |
00000cam a2200000 a 4500 |
| 001 |
in00001563321 |
| 005 |
20151022070739.0 |
| 008 |
950105s1993 au 000 0 eng |
| 010 |
|
|
|a 95100865
|
| 020 |
|
|
|a 3705209302
|
| 035 |
|
|
|a (OCoLC)ocm30087736
|
| 040 |
|
|
|a DLC
|c DLC
|d TXA
|d UtOrBLW
|
| 049 |
|
|
|a TXAM
|
| 050 |
0 |
0 |
|a PR5442.P5
|b B25 1993
|
| 082 |
0 |
0 |
|a 821/.7
|2 20
|
| 100 |
1 |
|
|a Beake, Fred.
|
| 245 |
1 |
4 |
|a The imaginations of Mr. Shelley /
|c by Fred Beake.
|
| 264 |
|
1 |
|a Salzburg, Austria :
|b University of Salzburg ;
|c 1993.
|
| 264 |
|
2 |
|a Lewiston, N.Y. :
|b Distributed in the U.S.A. and Canada by E. Mellon Press,
|
| 300 |
|
|
|a viii, 68 pages ;
|c 21 cm.
|
| 336 |
|
|
|a text
|b txt
|2 rdacontent
|
| 337 |
|
|
|a unmediated
|b n
|2 rdamedia
|
| 338 |
|
|
|a volume
|b nc
|2 rdacarrier
|
| 490 |
1 |
|
|a Salzburg University Salzburg studies in English literature romantic reassessment ;
|v 114
|
| 600 |
1 |
0 |
|a Shelley, Percy Bysshe,
|d 1792-1822
|x Philosophy.
|
| 650 |
|
0 |
|a Imagination in literature.
|
| 600 |
1 |
0 |
|a Shelley, Percy Bysshe,
|d 1792-1822
|x Political and social views.
|
| 830 |
|
0 |
|a Salzburg studies in English literature.
|p Romantic reassessment ;
|v 114.
|
| 948 |
|
|
|a cataloged
|b h
|c 2000/9/6
|d c
|e dmitchel
|f 10:16:46 am
|
| 994 |
|
|
|a E0
|b TXA
|
| 999 |
|
|
|a MARS
|
| 999 |
f |
f |
|s 752d7b29-3b3e-33b3-be0f-23ae4e0f1610
|i bdbe91b3-4776-30d7-9258-ab163d2e41bd
|t 0
|
| 952 |
f |
f |
|p normal
|a Texas A&M University
|b College Station
|c Sterling C. Evans Library
|d Evans: Library Stacks
|t 0
|e PR5442.P5 B25 1993
|h Library of Congress classification
|i unmediated -- volume
|m A14826714200
|
| 998 |
f |
f |
|a PR5442.P5 B25 1993
|t 0
|l Evans: Library Stacks
|